Construction manager collateral warranty for a funder (Record no. 104561)
[ view plain ]
| 000 -LEADER | |
|---|---|
| fixed length control field | 01100cam a22002895a 4500 |
| 001 - CONTROL NUMBER | |
| control field | L130754 |
| 008 - FIXED-LENGTH DATA ELEMENTS--GENERAL INFORMATION | |
| fixed length control field | 050825s2008 xxk f 000 0 eng u |
| 020 ## - INTERNATIONAL STANDARD BOOK NUMBER | |
| International Standard Book Number | 9780418825501 |
| 035 ## - SYSTEM CONTROL NUMBER | |
| System control number | (Sirsi) u130754 |
| 041 0# - LANGUAGE CODE | |
| Language code of text/sound track or separate title | eng |
| 050 04 - LIBRARY OF CONGRESS CALL NUMBER | |
| Classification number | 692.8 $2 18 |
| 110 2# - MAIN ENTRY--CORPORATE NAME | |
| Corporate name or jurisdiction name as entry element | Joint Contracts Tribunal |
| 9 (RLIN) | 3664 |
| 245 00 - TITLE STATEMENT | |
| Title | Construction manager collateral warranty for a funder |
| Remainder of title | CMWa/F |
| 246 ## - VARYING FORM OF TITLE | |
| Title proper/short title | CMWa/F |
| 260 ## - PUBLICATION, DISTRIBUTION, ETC. | |
| Place of publication, distribution, etc. | London |
| Name of publisher, distributor, etc. | Sweet and Maxwell |
| Date of publication, distribution, etc. | 2008 |
| 300 ## - PHYSICAL DESCRIPTION | |
| Extent | ii, 21p. |
| Dimensions | 30cm. |
| 350 ## - PRICE (NR) (BK AM CF MU VM SE) [OBSOLETE] | |
| Price | 17.95 |
| 490 #0 - SERIES STATEMENT | |
| Series statement | JCT Contracts 2008 |
| 505 2# - FORMATTED CONTENTS NOTE | |
| Formatted contents note | Warranty agreement -- Warranty particulars -- Attestation -- Guidance notes |
| 520 ## - SUMMARY, ETC. | |
| Summary, etc. | Warranty which may be given by a construction manager to a funder for proposed building works let under the Construction Management (CM) documentation. |
| 521 ## - TARGET AUDIENCE NOTE | |
| Target audience note | Advanced |
| 590 ## - LOCAL NOTE (RLIN) | |
| Local note | KA |
| 650 24 - SUBJECT ADDED ENTRY--TOPICAL TERM | |
| Topical term or geographic name entry element | JCT CONSTRUCTION MANAGER COLLATERAL WARRANTY FOR A FUNDER 2008 EDITION |
| 651 #4 - SUBJECT ADDED ENTRY--GEOGRAPHIC NAME | |
| Geographic name | United Kingdom |
| 690 ## - LOCAL SUBJECT ADDED ENTRY--TOPICAL TERM (OCLC, RLIN) | |
| Topical term or geographic name as entry element | BUILT ENVIRONMENT-BUILDING CONTRACT FORMS-STANDARD FORMS OF BUILDING CONTRACT-JOINT CONTRACTS TRIBUNAL CONTRACTS |
| 942 ## - ADDED ENTRY ELEMENTS (KOHA) | |
| Suppress in OPAC | 0 |
| Source of classification or shelving scheme | Dewey Decimal Classification |
| Withdrawn status | Lost status | Damaged status | Not for loan | Home library | Current library | Shelving location | Date acquired | Cost, normal purchase price | Total Checkouts | Full call number | Barcode | Date last seen | Copy number | Cost, replacement price | Price effective from | Koha item type |
|---|---|---|---|---|---|---|---|---|---|---|---|---|---|---|---|---|
| London | London | Boxed set | 03/07/2009 | 8.95 | JCT 2008/9 | 30074968 | 28/02/2024 | 1 | 8.95 | 06/08/2019 | Reference material |